Welcome to CU Library Online Public Access Catalogue (OPAC)

Style : (Record no. 9550)

MARC details
000 -LEADER
fixed length control field 00845cam a2200265 a 4500
001 - CONTROL NUMBER
control field 12684996
005 - DATE AND TIME OF LATEST TRANSACTION
control field 20260422174008.0
008 - FIXED-LENGTH DATA ELEMENTS--GENERAL INFORMATION
fixed length control field 020214s2003 nyua b 001 0 eng
020 ## - INTERNATIONAL STANDARD BOOK NUMBER
International Standard Book Number 0321095170
Qualifying information pbk. : alk. paper
020 ## - INTERNATIONAL STANDARD BOOK NUMBER
International Standard Book Number 9780321095176
Qualifying information (pbk. : alk. paper)
050 00 - LIBRARY OF CONGRESS CALL NUMBER
Classification number PE1421
Item number .W545 2003
082 00 - DEWEY DECIMAL CLASSIFICATION NUMBER
Classification number 808/.042
Edition information 21
100 1# - MAIN ENTRY--PERSONAL NAME
Personal name Williams, Joseph M.
245 10 - TITLE STATEMENT
Title Style :
Remainder of title ten lessons in clarity and grace /
Statement of responsibility, etc. Joseph M. Williams.
250 ## - EDITION STATEMENT
Edition statement 7th ed.
260 ## - PUBLICATION, DISTRIBUTION, ETC.
Place of publication, distribution, etc. New York :
Name of publisher, distributor, etc. Longman,
Date of publication, distribution, etc. c2003.
300 ## - PHYSICAL DESCRIPTION
Extent xiii, 270 p. :
Other physical details ill. ;
Dimensions 22 cm.
650 #0 - SUBJECT ADDED ENTRY--TOPICAL TERM
Topical term or geographic name entry element English language
General subdivision Rhetoric.
650 #0 - SUBJECT ADDED ENTRY--TOPICAL TERM
Topical term or geographic name entry element English language
General subdivision Technical English.
650 #0 - SUBJECT ADDED ENTRY--TOPICAL TERM
Topical term or geographic name entry element English language
General subdivision Business English.
650 #0 - SUBJECT ADDED ENTRY--TOPICAL TERM
Topical term or geographic name entry element English language
General subdivision Style.
650 #0 - SUBJECT ADDED ENTRY--TOPICAL TERM
Topical term or geographic name entry element Technical writing.
650 #0 - SUBJECT ADDED ENTRY--TOPICAL TERM
Topical term or geographic name entry element Business writing.
942 ## - ADDED ENTRY ELEMENTS (KOHA)
Source of classification or shelving scheme Library of Congress Classification
Koha item type Books
Edition 7th Ed.
Suppress in OPAC No
999 ## -
-- 9550
-- 9550
Holdings
Withdrawn status Lost status Source of classification or shelving scheme Damaged status Not for loan Collection Home library Current library Shelving location Date acquired Total checkouts Full call number Barcode Date last seen Copy number Price effective from Koha item type
    Library of Congress Classification     Non-fiction Business Library (Miotso) Business Library (Miotso) General stacks 03/27/2026   PE1421 .W545 2003 BSSM00003475 04/22/2026 1 03/27/2026 Books
© 2023-2024 Copyright: Central University Libraries. All Rights Reserved | Created by: Mahone Tech Office